[Event "SLO-chT1 Central 19th"]
[Site "Slovenia"]
[Date "2018.09.27"]
[Round "3.3"]
[White "Macek, Inti"]
[Black "Mihelic, Bojan"]
[Result "0-1"]
[WhiteElo "1123"]
[BlackElo "1700"]
[PlyCount "102"]
[EventDate "2018.09.13"]
[EventType "team-tourn"]
[EventRounds "9"]
[EventCountry "SLO"]
[SourceTitle "EXT 2021"]
[Source "ChessBase"]
[SourceDate "2020.10.23"]
[SourceVersion "1"]
[SourceVersionDate "2020.10.23"]
[SourceQuality "1"]
[WhiteTeam "Komenda Pogi"]
[BlackTeam "Trzin Pekos Pub"]
[WhiteTeamCountry "SLO"]
[BlackTeamCountry "SLO"]

1. d4 e6 2. c4 Nf6 3. Nc3 Bb4 4. Bg5 h6 5. Bh4 Bxc3+ 6. bxc3 d6 7. e3 0-0 8. Bd3 Nbd7 9. Nf3 Re8 10. 0-0 e5 11. e4 b6 12. d5 Nc5 13. Qd2 Bg4 14. Kh1 Bh5 15. Ng1 g5 16. Bxg5 hxg5 17. Qxg5+ Bg6 18. Be2 Nfxe4 19. Qg4 Nxc3 20. Bd1 Qc8 21. Qf3 N3e4 22. Qe2 Nc3 23. Qb2 Nxd1 24. Raxd1 Qf5 25. Rd2 Qf6 26. Qc1 Kg7 27. Nf3 Rh8 28. Qc3 Ne4 29. Qb3 Nxd2 30. Nxd2 Qf4 31. Nf3 Be4 32. h3 Bxf3 33. Qxf3 Qxf3 34. gxf3 Rxh3+ 35. Kg2 Rah8 36. Rg1 Kf6 37. Rd1 Rh2+ 38. Kg3 Kg5 39. f4+ exf4+ 40. Kf3 R8h3+ 41. Ke4 Rxf2 42. Rd3 Rxd3 43. Kxd3 Rxa2 44. Ke4 Kg4 45. Kd3 Kg3 46. Ke4 f3 47. Ke3 f2 48. Ke4 f1Q 49. Ke3 Ra3+ 50. Kd2 Qf2+ 51. Kd1 Ra1# 0-1

[Event "Ljubljana-chT 70th 1st League"]
[Site "Ljubljana"]
[Date "2017.01.19"]
[Round "2.3"]
[White "Mihelic, Bojan"]
[Black "Colic, Drago"]
[Result "1-0"]
[WhiteElo "1700"]
[BlackElo "1621"]
[PlyCount "69"]
[EventDate "2017.01.12"]
[EventType "team-swiss"]
[EventRounds "9"]
[EventCountry "SLO"]
[SourceTitle "EXT 2022"]
[Source "ChessBase"]
[SourceDate "2021.10.06"]
[SourceVersion "1"]
[SourceVersionDate "2021.10.06"]
[SourceQuality "1"]
[WhiteTeam "Dom In Agencija Neprem"]
[BlackTeam "Ljubljana Energetica Te Tol"]
[WhiteTeamCountry "SLO"]
[BlackTeamCountry "SLO"]

1. b3 e5 2. Bb2 d6 3. c4 Nh6 4. e3 Nc6 5. Nc3 a6 6. Nf3 Bg4 7. h3 Be6 8. d4 exd4 9. exd4 d5 10. a3 Be7 11. c5 Bf6 12. b4 g6 13. Ne2 0-0 14. Ng3 Re8 15. Be2 Nf5 16. 0-0 Qe7 17. Bd3 Qf8 18. Bxf5 Bxf5 19. Nxf5 gxf5 20. Qd3 Ne7 21. Rae1 Qh6 22. Bc1 Qh5 23. Bf4 c6 24. Be5 Bg7 25. Bxg7 Kxg7 26. Re3 Ng6 27. Rfe1 Rg8 28. Qd2 f6 29. Kh2 Nf4 30. Re7+ Kh8 31. Qxf4 Rg4 32. Qd6 Rg6 33. Re8+ Rxe8 34. Rxe8+ Kg7 35. Qf8# 1-0

[Event "Ljubljana-chT 70th 1st League"]
[Site "Ljubljana"]
[Date "2017.01.12"]
[Round "1.4"]
[White "Mihelic, Bojan"]
[Black "Mihelic, Mitja"]
[Result "1/2-1/2"]
[WhiteElo "1700"]
[BlackElo "1688"]
[PlyCount "44"]
[EventDate "2017.01.12"]
[EventType "team-swiss"]
[EventRounds "9"]
[EventCountry "SLO"]
[SourceTitle "EXT 2022"]
[Source "ChessBase"]
[SourceDate "2021.10.06"]
[SourceVersion "1"]
[SourceVersionDate "2021.10.06"]
[SourceQuality "1"]
[WhiteTeam "Dom In Agencija Neprem"]
[BlackTeam "Trzin Buscotrade II"]
[WhiteTeamCountry "SLO"]
[BlackTeamCountry "SLO"]

1. d4 c6 2. c4 d6 3. Nf3 g6 4. e3 Bg7 5. Nc3 Nf6 6. Be2 Qc7 7. Qc2 Nbd7 8. b3 0-0 9. Bd2 e5 10. 0-0 Re8 11. dxe5 Nxe5 12. Nxe5 dxe5 13. e4 Be6 14. Rad1 Rac8 15. Be3 h6 16. Rd2 Rcd8 17. Rfd1 Rxd2 18. Qxd2 Kh7 19. c5 Qe7 20. Bf3 Ng4 21. Bxg4 Bxg4 22. f3 Be6 1/2-1/2

[Event "SLO-chT Central 1st League 17th"]
[Site "Slovenia"]
[Date "2016.10.06"]
[Round "3.4"]
[White "Mihelic, Bojan"]
[Black "Kovacic, Andrej"]
[Result "0-1"]
[WhiteElo "1695"]
[BlackElo "1660"]
[PlyCount "105"]
[EventDate "2016.09.22"]
[EventType "team-tourn"]
[EventRounds "7"]
[EventCountry "SLO"]
[SourceTitle "EXT 2023"]
[Source "ChessBase"]
[SourceDate "2022.10.05"]
[SourceVersion "1"]
[SourceVersionDate "2022.10.05"]
[SourceQuality "1"]
[WhiteTeam "Dom In Agencija Neprem"]
[BlackTeam "Bor Dob II"]
[WhiteTeamCountry "SLO"]
[BlackTeamCountry "SLO"]

1. b3 d5 2. Bb2 Nc6 3. e3 a6 4. f4 Bf5 5. Nf3 e6 6. Be2 h6 7. a3 Nf6 8. h3 Ne4 9. d3 Ng3 10. Rg1 Rg8 11. Kf2 Nxe2 12. Kxe2 Be7 13. Nbd2 Qd7 14. Nd4 Nxd4+ 15. Bxd4 c5 16. Bb2 Qc6 17. Rc1 0-0-0 18. a4 Kb8 19. d4 f6 20. c3 Qb6 21. Ba3 Rc8 22. g4 Bh7 23. c4 Rge8 24. cxd5 exd5 25. dxc5 Bxc5 26. Bxc5 Rxc5 27. Rxc5 Qxc5 28. Nf1 d4 29. Rg3 Bc2 30. Qd2 Bxb3 31. a5 Bc4+ 32. Kf2 Bxf1 33. exd4 Qb5 34. Re3 Bxh3 35. Rxh3 Qd5 36. Rd3 f5 37. gxf5 Qxf5 38. d5 Rf8 39. Rd4 g5 40. d6 gxf4 41. d7 Rd8 42. Rd5 Qe6 43. Qxf4+ Ka8 44. Qf3 Qc6 45. Qd1 Qf6+ 46. Ke3 Qe6+ 47. Kf2 Rf8+ 48. Kg2 Qe4+ 49. Kg3 Qf4+ 50. Kh3 Qe3+ 51. Kg4 Rg8+ 52. Kh4 Qg3+ 53. Kh5 0-1

[Event "Ljubljana-chT 67th 2nd League"]
[Site "Ljubljana"]
[Date "2014.02.27"]
[Round "10.2"]
[White "Menart, Stane"]
[Black "Mihelic, Bojan"]
[Result "1/2-1/2"]
[WhiteElo "1669"]
[BlackElo "1774"]
[PlyCount "73"]
[EventDate "2014.01.09"]
[EventType "team-tourn"]
[EventRounds "10"]
[EventCountry "SLO"]
[SourceTitle "EXT 2022"]
[Source "ChessBase"]
[SourceDate "2021.10.06"]
[SourceVersion "1"]
[SourceVersionDate "2021.10.06"]
[SourceQuality "1"]
[WhiteTeam "Ljubljana Energetica Te Tol"]
[BlackTeam "Dom In Agencija Neprem"]
[WhiteTeamCountry "SLO"]
[BlackTeamCountry "SLO"]

1. e4 e6 2. c4 Nc6 3. d4 d5 4. exd5 exd5 5. cxd5 Qxd5 6. Be3 Nf6 7. h3 Bb4+ 8. Nc3 Ne4 9. Nge2 Qa5 10. Qc1 0-0 11. a3 Bd6 12. b4 Qf5 13. Nxe4 Qxe4 14. Qb1 Re8 15. Qxe4 Rxe4 16. b5 Na5 17. Nc3 Re6 18. Be2 b6 19. Bf3 Bb7 20. Bxb7 Nxb7 21. 0-0 Rd8 22. a4 Na5 23. Na2 Nc4 24. Rfe1 Rde8 25. Kf1 Nxe3+ 26. fxe3 Rxe3 27. Rxe3 Rxe3 28. Re1 Rxe1+ 29. Kxe1 f5 30. Ke2 Kf7 31. Kd3 g5 32. Nc3 Ke6 33. Nd1 f4 34. Ke4 Bf8 35. Nf2 Bg7 36. Nd3 h6 37. Nb4 1/2-1/2

[Event "SLO-chT Central 1st League 12th"]
[Site "Slovenia"]
[Date "2011.10.11"]
[Round "8.1"]
[White "Mihelic, Bojan"]
[Black "Pirnat, Saso"]
[Result "0-1"]
[WhiteElo "1647"]
[BlackElo "2127"]
[PlyCount "88"]
[EventDate "2011.09.08"]
[EventType "team-tourn"]
[EventRounds "9"]
[EventCountry "SLO"]
[SourceTitle "EXT 2022"]
[Source "ChessBase"]
[SourceDate "2021.10.06"]
[SourceVersion "1"]
[SourceVersionDate "2021.10.06"]
[SourceQuality "1"]
[WhiteTeam "Dom In Agencija Neprem"]
[BlackTeam "Visnja Gora Sticna"]
[WhiteTeamCountry "SLO"]
[BlackTeamCountry "SLO"]

1. d4 d5 2. Nf3 Nc6 3. e3 Nf6 4. c4 Bg4 5. a3 e6 6. Nc3 Be7 7. h3 Bh5 8. cxd5 exd5 9. Be2 0-0 10. 0-0 Qd7 11. Ne5 Nxe5 12. dxe5 Bxe2 13. Qxe2 Ne4 14. Rd1 Nxc3 15. bxc3 Qc6 16. Qd3 Rfd8 17. a4 Qe6 18. f4 f6 19. exf6 Bxf6 20. Bd2 c6 21. f5 Qe5 22. Rf1 Bg5 23. Rf3 b6 24. Be1 Re8 25. Bf2 Qe4 26. Qd2 Re5 27. Qd4 Rf8 28. h4 c5 29. Qxe4 dxe4 30. Bg3 exf3 31. Bxe5 Bxe3+ 32. Kf1 Rxf5 33. Bb8 fxg2+ 34. Kxg2 Rf2+ 35. Kg3 Rc2 36. Bxa7 Rxc3 37. Rb1 c4 38. Kg4 Rb3 39. Re1 Ra3 40. Bb8 Bd2 41. Re2 c3 42. Bd6 Rxa4+ 43. Kh3 c2 44. Rf2 h5 0-1

[Event "SLO-chT Central 2nd League"]
[Site "Slovenia"]
[Date "2010.10.07"]
[Round "4.2"]
[White "Hribar, Franc"]
[Black "Mihelic, Bojan"]
[Result "0-1"]
[WhiteElo "1822"]
[BlackElo "1584"]
[PlyCount "86"]
[EventDate "2010.09.09"]
[EventType "team-tourn"]
[EventRounds "9"]
[EventCountry "SLO"]
[SourceTitle "EXT 2022"]
[Source "ChessBase"]
[SourceDate "2021.10.06"]
[SourceVersion "1"]
[SourceVersionDate "2021.10.06"]
[SourceQuality "1"]
[WhiteTeam "Menges Trzin"]
[BlackTeam "Dom In Agencija Neprem"]
[WhiteTeamCountry "SLO"]
[BlackTeamCountry "SLO"]

1. e4 e6 2. d4 d5 3. e5 c5 4. c3 Qb6 5. Nf3 Bd7 6. Be2 Bb5 7. 0-0 Bxe2 8. Qxe2 cxd4 9. cxd4 Ne7 10. Nc3 Nf5 11. Rd1 Qa6 12. Nb5 Qb6 13. Nc3 Qa6 14. Qb5+ Qxb5 15. Nxb5 Kd7 16. Bd2 a6 17. Nc3 h6 18. Na4 Ke8 19. Rac1 Nc6 20. Be1 a5 21. a3 g5 22. h3 Be7 23. Nc3 h5 24. g4 hxg4 25. hxg4 Nh4 26. Nh2 Ng6 27. Ne2 Kd7 28. Bd2 Rh4 29. Kg2 Rah8 30. Rh1 f6 31. f4 gxf4 32. Bxf4 fxe5 33. Bg3 R4h7 34. dxe5 Ngxe5 35. Bxe5 Nxe5 36. Nd4 Rg7 37. Rce1 Bd6 38. Ref1 Nxg4 39. Nxg4 Rxh1 40. Kxh1 Rxg4 41. Rf7+ Ke8 42. Rxb7 Rxd4 43. Rb6 Ke7 0-1

[Event "SLO-chT Central 2nd League"]
[Site "Slovenia"]
[Date "2010.09.16"]
[Round "2.1"]
[White "Borisek, Anze"]
[Black "Mihelic, Bojan"]
[Result "0-1"]
[WhiteElo "2026"]
[BlackElo "1584"]
[PlyCount "144"]
[EventDate "2010.09.09"]
[EventType "team-tourn"]
[EventRounds "9"]
[EventCountry "SLO"]
[SourceTitle "EXT 2022"]
[Source "ChessBase"]
[SourceDate "2021.10.06"]
[SourceVersion "1"]
[SourceVersionDate "2021.10.06"]
[SourceQuality "1"]
[WhiteTeam "Podpec Prigo"]
[BlackTeam "Dom In Agencija Neprem"]
[WhiteTeamCountry "SLO"]
[BlackTeamCountry "SLO"]

1. Nc3 e6 2. d4 Nf6 3. Bg5 h6 4. Bxf6 Qxf6 5. Nf3 Bb4 6. e4 d6 7. Bc4 Nd7 8. 0-0 Bxc3 9. bxc3 0-0 10. Ne1 b6 11. f4 Bb7 12. Bd3 a5 13. Qg4 Qg6 14. Qxg6 fxg6 15. e5 dxe5 16. fxe5 Rxf1+ 17. Bxf1 Rf8 18. Bc4 Kf7 19. Nd3 Ke7 20. Rf1 g5 21. a4 Rxf1+ 22. Kxf1 Bc6 23. Bb3 b5 24. axb5 Bxb5 25. Kf2 a4 26. Ba2 a3 27. c4 Ba4 28. c3 Nb6 29. Ke3 Bc6 30. Nb4 Bxg2 31. Nc2 Na4 32. Kd2 h5 33. Nxa3 g4 34. Bb3 Nb6 35. Ke3 Bf1 36. Kf4 Bd3 37. d5 g6 38. Ke3 Bf1 39. dxe6 c5 40. Bc2 g5 41. Bf5 Nxc4+ 42. Nxc4 Bxc4 43. Bg6 h4 44. Bh5 Bxe6 45. Ke4 Kd7 46. Ke3 Kc6 47. Ke4 Bd5+ 48. Ke3 g3 49. h3 Be6 50. Bf3+ Bd5 51. Bg4 g2 52. Kf2 Kc7 53. c4 Bxc4 54. Kxg2 Kd8 55. Kf3 Ke7 56. Kg2 Be6 57. Bd1 c4 58. Bc2 c3 59. Bd1 Bd5+ 60. Kf2 Ke6 61. Ke3 Kxe5 62. Kd3 Be6 63. Kxc3 Bxh3 64. Kd2 Kf4 65. Ke2 Kg3 66. Bb3 g4 67. Be6 Kg2 68. Bd5+ Kg1 69. Be6 Kh2 70. Bd5 g3 71. Be4 Kg1 72. Bf3 Bg2 0-1